Normal view
MARC view
Entry Personal Name
001 - CONTROL NUMBER
- control field: 24463
003 - CONTROL NUMBER IDENTIFIER
- control field: dpl
005 - DATE AND TIME OF LATEST TRANSACTION
- control field: 20101126120309.0
008 - FIXED-LENGTH DATA ELEMENTS
- fixed length control field: 101126|||a|||||| | ||| d
040 ## - CATALOGING SOURCE
- Original cataloging agency: dpl
- Transcribing agency: dpl
100 ## - HEADING--PERSONAL NAME
- Personal name: रेड्डी,गौरू तिरूपति
670 ## - SOURCE DATA FOUND
- Source citation: Work cat.: (dpl): रेड्डी,गौरू तिरुपती 24453, गौरू वास्तू रत्नाकर /
670 ## - SOURCE DATA FOUND
- Source citation: Work cat.: (dpl): रेड्डी,गौरू तिरुपती 24453, गौरू वास्तू रत्नाकर /
